Wild rattan in Sulawesi : a case study of the production-to-consumption systems

Bibliographic Details
Main Author: ASTANA
Corporate Author: International Network for Bamboo and Rattan (INBAR)
Other Authors: Nasendi
Format: Book
Published: Beijing, China : International Network for Bamboo and Rattan , 1998
Series:INBAR working paper; n. 11
Subjects:

MARC

LEADER 00000cam a2200000 7i4500
001 0000000919
005 20001113.0
020 0 0 |a 8186247394 
090 0 0 |a 633.58095984   |b AST 1998 
100 1 0 |a ASTANA   |h Satria 
245 1 0 |a Wild rattan in Sulawesi : a case study of the production-to-consumption systems   |c Satria Astana, B. D. Nasendi 
260 0 0 |a Beijing, China :   |b International Network for Bamboo and Rattan ,   |c 1998 
300 |a 29p. ;   |c 28 cm. 
440 0 0 |a INBAR working paper; n. 11 
650 0 0 |a Rattan   |z Sulawesi 
700 0 1 |a Nasendi   |h B. D. 
710 1 1 |a International Network for Bamboo and Rattan (INBAR) 
999 |a 0000002288   |b Monograph   |c Open Shelf   |e Default branch